Prince

Bibliographic Details
Main Author: Maria Farinna Zainal Abidin
Format: Book
Published: Kuala Lumpur : Creative Enterprise Sdn. Bhd. , 1995,2000
Subjects:

MARC

LEADER 00000cam a2200000 7i4500
001 0000006612
005 20101227.0
020 |a 9838931934 
090 0 0 |a F   |b MAR 
100 0 |a Maria Farinna Zainal Abidin 
245 1 0 |a Prince   |c Maria Farinna Zainal Abdin 
260 |a Kuala Lumpur :   |b Creative Enterprise Sdn. Bhd. ,   |c 1995,2000 
300 |a 112p. ;   |c 17cm. 
650 0 0 |a Malay fiction 
999 |a 038382   |b BUKU   |c YOUTH FICTION   |e PERPUSTAKAAN KOMUNITI PETALING JAYA 
999 |a 038383   |b BUKU   |c YOUTH FICTION   |e PERPUSTAKAAN KOMUNITI PETALING JAYA 
999 |a 098936   |b BUKU   |c FICTION   |e PERPUSTAKAAN KOMUNITI PETALING JAYA